000 00775nam a2200241Ia 4500
003 OSt
005 20220923222818.0
006 a|||||r|||| 00| 0
007 ta
008 220922b |||||||| |||| 00| 0 hin d
024 _a208,300
037 _cTextual
040 _aARTS
_cARTS
_bhin
041 _2hin
_ahin
082 _aO152,3NSI1x, N2
100 _aसिंह, मंजुलता
245 0 _aअधूरे संबध तथा अन्य कहानियां
246 _aAdhūre sanbadh tathā anya kahāniyāan
260 _aदिल्ली
_b पराग प्रका0
_c1992
300 _a138पृ.
_ccm.
942 _hO152,3NSI1x, N2
_cTEXL
_2CC
999 _c358896
_d358896